[Event "1st Qinhuangdao Open"]
[Site "?"]
[Date "2011.10.03"]
[Round "?"]
[White "Lu, Shanglei"]
[Black "Wang, Yue"]
[WhiteElo "2517"]
[BlackElo "2716"]
[Result "1/2-1/2"]

1. Nf3 Nf6 2. c4 e6 3. d4 Bb4+ 4. Nbd2 O-O 5. a3 Bxd2+ 6. Bxd2 b6 7. g3 Bb7 8. Bg2 d6 9. O-O Nbd7 10. Re1 Qc8 11. Rf1 Qd8 12. Re1 Qc8 13. Rc1 a5 14. b3 Ne4 15. Be3 f5 16. d5 exd5 17. cxd5 Ndf6 18. Bxb6 Nxd5 19. Bd4 c5 20. e3 Bc6 21. Ba1 Rb8 22. Nd2 Qe6 23. Nc4 a4 24. bxa4 Nb6 25. Nxb6 Rxb6 26. a5 Rb3 27. Rb1 Rbb8 28. Rc1 Rb3 29. Rb1 Rxa3 30. Rb6 Bd5 31. f3 Ng5 32. e4 fxe4 33. fxe4 Bxe4 34. Rb7 Bxb7 35. Rxe6 Bxg2 36. Kxg2 Nxe6 37. Bb2 Raf3 38. Kh3 Nf4+ 39. Kh4 Nd3 40. Ba1 h6 41. a6 Nf2 42. Qxd6 Re3 43. Be5 Re4+ 44. Bf4 g5+ 45. Kh5 gxf4 46. Qg6+ Kh8 47. Qxh6+ Kg8 48. Qg6+ Kh8 49. Qh6+ 

1/2-1/2

[Event "1st Qinhuangdao Open"]
[Site "?"]
[Date "2011.10.04"]
[Round "?"]
[White "Wang, Yue"]
[Black "Negi, Parimarjan"]
[WhiteElo "2716"]
[BlackElo "2631"]
[Result "1/2-1/2"]

1. Nf3 d5 2. d4 e6 3. c4 Nf6 4. Bg5 Be7 5. e3 h6 6. Bh4 O-O 7. Nc3 Ne4 8. Nb1 Nf6 9. Nc3 Ne4 10. Bxe7 Qxe7 11. Rc1 c6 12. Bd3 Nxc3 13. Rxc3 dxc4 14. Bxc4 Nd7 15. Qc2 b5 16. Be2 Bb7 17. O-O b4 18. Rc4 Rfc8 19. Qd2 a5 20. Rfc1 c5 21. dxc5 Bd5 22. c6 Nf6 23. R4c2 b3 24. axb3 Bxb3 25. Rc5 Ne4 26. Qd4 Nxc5 27. Qxc5 Qxc5 28. Rxc5 Ba4 29. Nd4 Rab8 30. h4 Rxb2 31. Ba6 Rc7 32. Bb7 Rb4 33. Rxa5 Rxd4 34. exd4 

1/2-1/2

[Event "1st Qinhuangdao Open"]
[Site "?"]
[Date "2011.10.04"]
[Round "?"]
[White "Gundavaa, Bayarsaikhan"]
[Black "Wang, Yue"]
[WhiteElo "2467"]
[BlackElo "2716"]
[Result "0-1"]

1. d4 d5 2. c4 c6 3. Nf3 Nf6 4. e3 Bf5 5. Nc3 e6 6. Nh4 Be4 7. f3 Bg6 8. Qb3 Qc7 9. Bd2 Be7 10. g3 Nbd7 11. Rc1 Nb6 12. Ra1 Nbd7 13. Rc1 Nb6 14. cxd5 exd5 15. Kf2 a5 16. Nxg6 hxg6 17. Qc2 g5 18. Be2 Qd7 19. g4 Kf8 20. Kg2 Re8 21. Nd1 Nc4 22. Bxc4 dxc4 23. Qxc4 Nxg4 24. fxg4 Qxg4+ 25. Kf1 Qh3+ 26. Ke2 g4 27. Rf1 Qh5 28. Ke1 Qg6 29. Qe2 Bd6 30. Rg1 g3 31. h3 Rxh3 32. Bc3 Rh2 33. Qf3 Qd3 34. d5 cxd5 35. Rf1 Bf4 36. Bxa5 g2 37. Qxf4 gxf1=Q+ 38. Qxf1 Rxe3+ 39. Nxe3 Qxe3+ 40. Kd1 Qd4+ 41. Ke1 Qe4+ 42. Kd1 Qa4+ 43. b3 Qd4+ 44. Ke1 Qe4+ 45. Kd1 Qd4+ 46. Ke1 Qe4+ 47. Kd1 Qd4+ 48. Ke1 Qe4+ 49. Kd1 Rh1 

0-1

[Event "1st Qinhuangdao Open"]
[Site "?"]
[Date "2011.10.05"]
[Round "?"]
[White "Wang, Yue"]
[Black "Zhou, Weiqi"]
[WhiteElo "2716"]
[BlackElo "2598"]
[Result "1/2-1/2"]

1. Nf3 Nf6 2. c4 e6 3. g3 d5 4. Bg2 dxc4 5. Qa4+ Nbd7 6. Qd1 Nb8 7. Qa4+ Nbd7 8. Qxc4 a6 9. Qc2 c5 10. Nc3 Qc7 11. d3 b6 12. O-O Bb7 13. a4 Bd6 14. e4 h5 15. h3 Ne5 16. Nxe5 Bxe5 17. Ne2 Nd7 18. Be3 Rc8 19. f4 Bf6 20. Rac1 Qb8 21. Qd2 O-O 22. g4 Rfd8 23. gxh5 c4 24. Rxc4 Rxc4 25. dxc4 Nc5 26. Qc2 Qa8 27. a5 Nxe4 28. axb6 Rc8 29. Rd1 Nc5 30. Nc3 a5 31. Nb5 Be7 32. Nd6 Bxd6 33. Rxd6 Qb8 34. Bxc5 Rxc5 35. Qd3 Bd5 36. Rd7 Qxb6 37. Kh2 Rxc4 38. h6 Rc8 39. Qe2 Qd4 40. h7+ Kh8 41. Rxf7 Rb8 42. Bxd5 exd5 43. Kg3 Qg1+ 44. Kh4 d4 45. Qg4 Qxg4+ 46. hxg4 Rd8 47. Re7 d3 48. Re1 Rb8 49. Rd1 Rd8 50. Re1 Rb8 51. Rd1 Rxb2 52. Rxd3 Rb8 53. Ra3 Ra8 54. Ra4 Kxh7 55. f5 

1/2-1/2

[Event "1st Qinhuangdao Open"]
[Site "?"]
[Date "2011.10.06"]
[Round "?"]
[White "Pantsulaia, Levan"]
[Black "Wang, Yue"]
[WhiteElo "2614"]
[BlackElo "2716"]
[Result "1/2-1/2"]

1. Nf3 c5 2. c4 Nc6 3. Nc3 g6 4. e3 Bg7 5. d4 d6 6. Be2 Nf6 7. d5 Na5 8. O-O Bg4 9. h3 Bxf3 10. Bxf3 O-O 11. Be2 e6 12. Rb1 exd5 13. Nxd5 Nc6 14. b3 Nxd5 15. Qxd5 Qe7 16. Rd1 Rad8 17. Bb2 h5 18. a3 a5 19. Bf3 Rd7 20. Bxg7 Kxg7 21. Qd2 Ra8 22. Qc2 Qf6 23. Rd5 Ne7 24. Rd2 Rb8 25. b4 axb4 26. axb4 cxb4 27. Rxb4 Rc7 28. Qb3 Nc6 29. Rb5 Ra8 30. Rd1 Ra1 31. Rd5 Na5 32. Qb6 Rc6 33. Qa7 Ra6 34. Qd4 Qxd4 35. Rxd4 Nb3 36. Rd5 Na5 37. Rd4 Nb3 38. Rd3 Rxd1+ 39. Rxd1 Nc5 40. Bd5 h4 41. Kf1 f5 42. Rb1 

1/2-1/2

[Event "1st Qinhuangdao Open"]
[Site "?"]
[Date "2011.10.07"]
[Round "?"]
[White "Wang, Yue"]
[Black "Zhao, Jun"]
[WhiteElo "2716"]
[BlackElo "2587"]
[Result "1/2-1/2"]

1. e4 c5 2. Nf3 d6 3. d4 cxd4 4. Nxd4 Nf6 5. Nc3 a6 6. Bg5 e6 7. f4 Nbd7 8. Qf3 Qc7 9. O-O-O b5 10. Bd3 Bb7 11. Rhe1 Qb6 12. Nd5 Qxd4 13. Bxf6 gxf6 14. Bxb5 Qc5 15. b4 Qxb5 16. Nc7+ Ke7 17. Nxb5 axb5 18. Qd3 Ra6 19. Qxb5 Rb6 20. Qd3 Bh6 21. g3 Ra8 22. a3 Ba6 23. Qf3 Rc8 24. Rd2 Bg7 25. Re3 Bb7 26. Qg4 Kf8 27. Qd1 Ke7 28. Qg4 Kf8 29. Qd1 Ke7 

1/2-1/2

[Event "Indonesia Open"]
[Site "?"]
[Date "2011.10.14"]
[Round "?"]
[White "Wang, Yue"]
[Black "Grigoryan, Karen H"]
[WhiteElo "2716"]
[BlackElo "2473"]
[Result "1/2-1/2"]

1. d4 Nf6 2. c4 g6 3. g3 Bg7 4. Bg2 O-O 5. Nc3 d6 6. Nf3 Nbd7 7. O-O e5 8. Qc2 Re8 9. Rd1 c6 10. b3 exd4 11. Nxd4 Qe7 12. Ba3 Nc5 13. b4 Ne6 14. Nf3 Nc7 15. b5 c5 16. Bb2 Be6 17. Nd2 Rad8 18. e4 Ng4 19. Ne2 f5 20. Bxg7 Qxg7 21. Nf4 Bc8 22. Re1 g5 23. Nd3 Ne6 24. Nb3 f4 25. h3 Ne5 26. Rad1 b6 27. Rd2 Rf8 28. Nxe5 dxe5 29. Rd5 Rde8 30. Qe2 Qf6 31. Rd3 Re7 32. g4 Rd7 33. Rxd7 Bxd7 34. Bf3 Bc8 35. Rd1 

1/2-1/2

[Event "Indonesia Open"]
[Site "?"]
[Date "2011.10.16"]
[Round "?"]
[White "Wang, Yue"]
[Black "Bitoon, Richard"]
[WhiteElo "2716"]
[BlackElo "2504"]
[Result "1-0"]

1. d4 Nf6 2. c4 e6 3. g3 d5 4. Nf3 dxc4 5. Bg2 Bb4+ 6. Bd2 a5 7. O-O Nc6 8. Bg5 h6 9. Bxf6 Qxf6 10. a3 Bd6 11. Qa4 O-O 12. Qxc4 e5 13. d5 Nd4 14. Nxd4 exd4 15. Nd2 b5 16. Qd3 Bf5 17. Qxb5 Rab8 18. Qc4 Rxb2 19. Nf3 d3 20. exd3 Rfb8 21. Nd4 Bd7 22. Nc6 Re8 23. Ra2 Rxa2 24. Qxa2 Qc3 25. a4 Re1 26. Rxe1 Qxe1+ 27. Bf1 Qc3 28. Nb8 Be8 29. Kg2 Qb4 30. Nc6 Bxc6 31. dxc6 Qc5 32. Be2 Qxc6+ 33. Bf3 Qc3 34. Bd5 Qf6 35. Qc4 Qe7 36. Qa6 Bb4 37. h4 Qd8 38. Bc4 Kf8 39. h5 Ke7 40. Qc6 Qd7 41. Qe4+ Kf8 42. Bb5 Qe6 43. Qf3 Bc3 44. Qb7 Qd6 45. Qc8+ Ke7 46. Qe8+ Kf6 47. Bc4 Qe7 48. Qc6+ Qd6 49. Qf3+ Ke7 50. Qxf7+ Kd8 51. Bd5 

1-0

[Event "Indonesia Open"]
[Site "?"]
[Date "2011.10.16"]
[Round "?"]
[White "Mareco, Sandro"]
[Black "Wang, Yue"]
[WhiteElo "2597"]
[BlackElo "2716"]
[Result "1/2-1/2"]

1. d4 d5 2. c4 c6 3. Nc3 Nf6 4. e3 g6 5. Nf3 Bg7 6. Be2 O-O 7. O-O b6 8. b3 Ne4 9. Bb2 Nxc3 10. Bxc3 Bb7 11. Qc2 e6 12. Rac1 Re8 13. Bb2 Nd7 14. cxd5 exd5 15. b4 a6 16. Rfd1 b5 17. Bc3 Nb6 18. Bd3 Bc8 19. Re1 Nc4 20. h3 Be6 21. a4 Bf8 22. Ra1 Bd6 23. e4 dxe4 24. Bxe4 Bd5 25. Bxd5 cxd5 26. Ne5 Rc8 27. Qd3 Qg5 28. g3 h5 29. h4 Qf5 30. Qxf5 gxf5 31. Nd3 Re4 32. Rxe4 fxe4 33. Nc5 Rc6 34. axb5 axb5 35. Ra8+ Kh7 36. Nxe4 dxe4 37. d5 Rc7 38. Rh8+ Kg6 39. Rg8+ Kh7 

1/2-1/2

[Event "Indonesia Open"]
[Site "?"]
[Date "2011.10.17"]
[Round "?"]
[White "Barbosa, Oliver"]
[Black "Wang, Yue"]
[WhiteElo "2538"]
[BlackElo "2716"]
[Result "1/2-1/2"]

1. e4 e5 2. Nf3 Nc6 3. Bb5 a6 4. Ba4 Nf6 5. O-O Be7 6. Re1 b5 7. Bb3 d6 8. a4 b4 9. a5 O-O 10. d3 Bg4 11. Nbd2 Nd4 12. Bc4 c5 13. h3 Bxf3 14. Nxf3 Nc6 15. Bg5 Nxa5 16. Bxf6 Bxf6 17. Bd5 Ra7 18. c3 Qb6 19. Qa4 Bd8 20. Rec1 g6 21. cxb4 Qxb4 22. Qxb4 cxb4 23. Ra4 Nb7 24. Bxb7 Rxb7 25. Rxa6 Be7 26. b3 Rd8 27. Ra5 Kg7 28. Rc6 d5 29. Rxd5 Rxd5 30. exd5 Rd7 31. Ne1 Rxd5 32. Rc4 Rc5 33. Rxc5 Bxc5 34. Nf3 Kf6 35. Kf1 Be7 36. Ke2 Ke6 37. Ne1 Kd5 38. Nc2 f5 39. g4 Bc5 40. f3 Ke6 41. Ne1 Kf6 42. Ng2 Bd4 43. Ne1 Bc3 44. Nc2 Kg5 45. Ne3 Bd4 46. Nd5 Bc5 47. Kf1 h5 48. gxh5 gxh5 49. f4+ exf4 50. Kg2 h4 51. Kf3 Kg6 52. d4 Bxd4 53. Nxb4 Kf6 54. Nd5+ Ke5 55. Nxf4 Bb6 56. Ng6+ Kd4 57. Nxh4 Bd8 

1/2-1/2

[Event "Chinese League"]
[Site "?"]
[Date "2011.10.26"]
[Round "?"]
[White "Wang, Yue"]
[Black "Wu, Xibin"]
[WhiteElo "2734"]
[BlackElo "2360"]
[Result "1-0"]

1. d4 e6 2. c4 c5 3. d5 exd5 4. cxd5 d6 5. Nf3 g6 6. Nc3 Bg7 7. g3 Ne7 8. Bg2 O-O 9. O-O a6 10. a4 h6 11. h4 Nf5 12. Bf4 Re8 13. Qd2 Nd7 14. Rfe1 Kh7 15. e4 Nd4 16. Nxd4 cxd4 17. Ne2 Nc5 18. Nxd4 Bxd4 19. Qxd4 Nb3 20. Qb4 Nxa1 21. Rxa1 a5 22. Qxd6 Qxd6 23. Bxd6 Bd7 24. Bc7 Kg7 25. f4 Rec8 26. Rc1 Bc6 27. Be5+ f6 28. dxc6 

1-0

[Event "Chinese League"]
[Site "?"]
[Date "2011.10.27"]
[Round "?"]
[White "Ding, Liren"]
[Black "Wang, Yue"]
[WhiteElo "2637"]
[BlackElo "2734"]
[Result "1/2-1/2"]

1. d4 d5 2. c4 c6 3. Nc3 Nf6 4. Nf3 dxc4 5. a4 Bf5 6. Ne5 Nbd7 7. Nxc4 Nb6 8. Ne5 a5 9. e3 g6 10. Bd3 Bxd3 11. Nxd3 Bg7 12. Qb3 O-O 13. O-O Nfd7 14. Rd1 Qc7 15. Bd2 e5 16. Rac1 exd4 17. exd4 Qd6 18. Be3 Qe6 19. d5 Nxd5 20. Nxd5 Qxd5 21. Qxb7 Rad8 22. Rd2 Qf5 23. Rcd1 Ne5 24. Nxe5 Rxd2 25. Bxd2 Qc2 26. Rf1 Bxe5 27. Bxa5 Qxa4 28. Bc7 Bd4 29. b3 Qb5 30. Qxb5 cxb5 31. Rd1 Rc8 

1/2-1/2

[Event "Chinese League"]
[Site "?"]
[Date "2011.10.28"]
[Round "?"]
[White "Wang, Yue"]
[Black "Zhang, Pengxiang"]
[WhiteElo "2734"]
[BlackElo "2577"]
[Result "1-0"]

1. d4 g6 2. Nf3 Bg7 3. g3 d6 4. Bg2 Nd7 5. c4 Ngf6 6. Nc3 O-O 7. O-O c5 8. d5 a6 9. a4 Nb6 10. Nd2 Rb8 11. Qc2 e5 12. b3 Nbd7 13. Ba3 a5 14. Bb2 Ne8 15. e4 f5 16. exf5 gxf5 17. Rae1 Ndf6 18. Nf3 Bh6 19. Nb5 Bd7 20. Nh4 Nh5 21. Bh3 Nhg7 22. f4 Bxf4 23. Re2 Bg5 24. Nxf5 Bxf5 25. Bxf5 Nxf5 26. Rxf5 Rxf5 27. Qxf5 Qf6 28. Qe4 Qg6 29. Kg2 Qxe4+ 30. Rxe4 Kf7 31. Re2 b6 32. Rf2+ Kg8 33. h4 Be3 34. Rf3 Bd2 35. Rf2 Be3 36. Rf5 Bd2 37. Kf3 Rb7 38. Ke2 Bh6 39. Bc3 Rg7 40. Kf3 Rd7 41. g4 Bf8 42. Ke4 Be7 43. g5 Bd8 44. Bd2 Ng7 45. Rf3 Be7 46. Bc1 Bd8 47. Be3 Ne8 48. Kf5 Rf7+ 49. Kg4 Rg7 50. Nc3 h6 51. Ne4 Be7 52. h5 hxg5 53. h6 Rh7 54. Bxg5 Bf8 55. Kh5 Rf7 56. Rxf7 Kxf7 57. Bd8 

1-0

[Event "Sportaccord WMG Rapid"]
[Site "?"]
[Date "2011.12.09"]
[Round "?"]
[White "Gashimov, Vugar"]
[Black "Wang, Yue"]
[WhiteElo "2757"]
[BlackElo "2697"]
[Result "1-0"]

1. e4 c5 2. Nc3 Nc6 3. Nf3 e5 4. Bc4 Be7 5. d3 d6 6. a3 Nf6 7. Bg5 O-O 8. Bxf6 Bxf6 9. Nd5 Rb8 10. c3 b5 11. Bb3 Be6 12. h4 a5 13. Ne3 a4 14. Ba2 Na5 15. Bd5 Nb3 16. Rb1 Be7 17. g4 c4 18. dxc4 bxc4 19. Qe2 Qd7 20. g5 Bxd5 21. Nxd5 Kh8 22. Nd2 Nc5 23. Nxc4 f5 24. gxf6 Bxf6 25. Rd1 Bd8 26. Nb4 Be7 27. f3 Qe6 28. Nd5 Rf7 29. Kd2 Rbf8 30. Rdf1 Bd8 31. Kc2 Qd7 32. Nd2 Ne6 33. Qd3 h5 34. Nc4 Nc5 35. Qd1 g6 36. Kb1 Kh7 37. Nb4 Be7 38. Nd3 Qb5 39. Nxc5 Qxc4 40. Nd3 Qb5 41. Nb4 Qd7 42. Nd5 Bd8 43. Qd3 Qc6 44. Qe2 Qd7 45. Ka1 Qc6 46. Qg2 Qd7 47. Rh3 Qe6 48. Rd1 Qd7 49. Rd3 Qb5 50. Rd1 Qd7 51. Rd2 Qc8 52. Rd1 Qd7 53. Ne3 Qe6 54. Rd5 Be7 55. Rd1 Rf4 56. Rdh1 Bd8 57. Nd5 R4f7 58. Rg1 Rg8 59. Qh1 Qd7 60. Rhg3 Qe6 61. Qg2 Rgg7 62. Rh3 Rg8 63. Rd1 Rgf8 64. Rd3 Qc8 65. Rh1 Qe6 66. Qg3 Qc8 67. Rhd1 Qe6 68. Nb4 Rd7 69. Rd5 Qf6 70. Qh3 Rff7 71. Nc6 Qxh4 72. Nxe5 

1-0

[Event "Sportaccord WMG Rapid"]
[Site "?"]
[Date "2011.12.10"]
[Round "?"]
[White "Dominguez Perez, Leinier"]
[Black "Wang, Yue"]
[WhiteElo "2712"]
[BlackElo "2697"]
[Result "1-0"]

1. e4 c5 2. Nf3 Nc6 3. d4 cxd4 4. Nxd4 e5 5. Nb5 d6 6. N1c3 a6 7. Na3 Be7 8. Nc4 b5 9. Ne3 Nf6 10. g3 O-O 11. Bg2 b4 12. Ncd5 Nxd5 13. Nxd5 Bg5 14. Bxg5 Qxg5 15. a3 Rb8 16. axb4 Nxb4 17. Ne3 Qd8 18. c3 Nc6 19. b4 Na7 20. O-O Nb5 21. Qd3 Qc7 22. Rfc1 Bb7 23. Nf5 Bc8 24. c4 Nd4 25. Nxd4 exd4 26. Rab1 Qa7 27. Rd1 Be6 28. Qxd4 Rb6 29. Bf1 Rc8 30. b5 Kf8 31. Ra1 axb5 32. cxb5 Bd7 33. Ra6 Rc1 34. Kg2 Bxb5 35. Rxb6 Bxf1+ 36. Kf3 Rc3+ 37. Kg4 Be2+ 38. Kh3 Bf1+ 39. Kh4 Rc2 40. Rxd6 Rxf2 41. Rd2 Rxd2 

1-0

[Event "Sportaccord WMG Rapid"]
[Site "?"]
[Date "2011.12.10"]
[Round "?"]
[White "Le, Quang Liem"]
[Black "Wang, Yue"]
[WhiteElo "2714"]
[BlackElo "2697"]
[Result "0-1"]

1. Nf3 Nf6 2. c4 e6 3. g3 d5 4. Bg2 Be7 5. O-O O-O 6. b3 c5 7. e3 Nc6 8. Bb2 b6 9. Qe2 Ba6 10. d3 Rc8 11. Rd1 Qd7 12. Nc3 Rfd8 13. Rac1 d4 14. exd4 Nxd4 15. Nxd4 cxd4 16. Nb1 Qc7 17. f4 Bb7 18. Nd2 Bxg2 19. Kxg2 a5 20. a3 h5 21. Nf3 Qb7 22. h3 b5 23. Kh2 bxc4 24. bxc4 Bc5 25. Rb1 Qe7 26. Ba1 a4 27. Rb5 Rb8 28. Rdb1 Rxb5 29. Rxb5 Bxa3 30. Bxd4 h4 31. g4 Bd6 32. Be5 a3 33. Ra5 Nd7 34. Ra7 Bxe5 35. Nxe5 Qd6 36. c5 Qxc5 37. Rxd7 Rxd7 38. Nxd7 Qd4 39. Qg2 Qxf4+ 40. Kh1 Qc1+ 41. Kh2 Qb2 42. Nc5 Qe5+ 

0-1

[Event "Sportaccord WMG Rapid"]
[Site "?"]
[Date "2011.12.11"]
[Round "?"]
[White "Wang, Yue"]
[Black "Vallejo Pons, Francisco"]
[WhiteElo "2697"]
[BlackElo "2705"]
[Result "1-0"]

1. d4 Nf6 2. c4 e6 3. Nf3 c5 4. d5 b5 5. Bg5 exd5 6. cxd5 h6 7. Bxf6 Qxf6 8. Qc2 Be7 9. e4 Qb6 10. a4 bxa4 11. Be2 d6 12. O-O O-O 13. Nbd2 Bd7 14. Nc4 Qc7 15. Ne3 a6 16. Rfe1 Bb5 17. Nd4 Qb6 18. Ndf5 Bf6 19. Ng4 Bd4 20. Bxb5 axb5 21. Ngxh6+ gxh6 22. Ra3 f6 23. Rg3+ Kf7 24. Rg7+ Ke8 25. Nxd4 Qa5 26. Rc1 Rf7 27. Rg8+ Kd7 28. Qe2 Qb4 29. Nxb5 f5 30. Qh5 Rf6 

1-0

[Event "Sportaccord WMG Rapid"]
[Site "?"]
[Date "2011.12.11"]
[Round "?"]
[White "Ponomariov, Ruslan"]
[Black "Wang, Yue"]
[WhiteElo "2723"]
[BlackElo "2697"]
[Result "1/2-1/2"]

1. e4 e5 2. Nf3 Nf6 3. d4 Nxe4 4. dxe5 d5 5. Nbd2 Be7 6. Nxe4 dxe4 7. Qxd8+ Bxd8 8. Nd4 c6 9. Be3 Bc7 10. e6 Bxe6 11. Nxe6 fxe6 12. Bc4 e5 13. O-O-O Nd7 14. Rhe1 Nf6 15. Be6 Ke7 16. Bf5 Rhd8 17. Rxd8 Rxd8 18. Bg5 h6 19. Bxf6+ gxf6 20. Rxe4 Bb6 21. Re2 a5 22. c3 Kd6 23. g3 Kc7 24. Kc2 Bc5 25. f3 Bg1 26. Rg2 Be3 27. Re2 Bg1 28. Rg2 Be3 29. Re2 

1/2-1/2

[Event "Sportaccord WMG Blindfold"]
[Site "?"]
[Date "2011.12.14"]
[Round "?"]
[White "Wang, Yue"]
[Black "Gashimov, Vugar"]
[WhiteElo "2697"]
[BlackElo "2757"]
[Result "0-1"]

1. Nf3 c5 2. g3 g6 3. Bg2 Bg7 4. c4 Nc6 5. Nc3 d6 6. O-O Nf6 7. d4 cxd4 8. Nxd4 Bd7 9. Nb3 b6 10. Bg5 h6 11. Bf4 Rc8 12. Nd5 Nh5 13. Qd2 g5 14. Be3 Ne5 15. Bd4 Nxc4 16. Qe1 e6 17. Nc3 O-O 18. Bxg7 Nxg7 19. Nd2 Nxb2 20. Qb1 Nc4 21. Qd3 d5 22. e4 Qf6 23. Nxc4 Rxc4 24. Ne2 Bb5 25. exd5 Rb4 26. Qd1 exd5 27. Re1 Ne6 28. Rc1 Rb2 29. Rc2 Ba4 30. Qa1 Bxc2 

0-1

[Event "Sportaccord WMG Blindfold"]
[Site "?"]
[Date "2011.12.15"]
[Round "?"]
[White "Le, Quang Liem"]
[Black "Wang, Yue"]
[WhiteElo "2714"]
[BlackElo "2697"]
[Result "1-0"]

1. Nf3 Nf6 2. g3 g6 3. c4 c5 4. Bg2 Nc6 5. Nc3 d6 6. O-O Bg7 7. d4 cxd4 8. Nxd4 Bd7 9. Nxc6 bxc6 10. c5 d5 11. e4 dxe4 12. Nxe4 Nd5 13. Rb1 O-O 14. b4 Rb8 15. Bd2 Bf5 16. Qe2 Qc8 17. a4 Rd8 18. Rfc1 Qe6 19. Be1 Nc7 20. Rd1 Rd5 21. Rbc1 Rbd8 22. Rxd5 cxd5 23. Nc3 Qxe2 24. Nxe2 a6 25. b5 axb5 26. Ba5 bxa4 27. Bxc7 Rc8 28. Bb6 e6 29. Nc3 a3 30. Bf1 d4 31. Na2 d3 32. Rd1 Bd4 33. Bxd3 Bxc5 34. Bxc5 Rxc5 35. Bxf5 Rxf5 36. Rd8+ Kg7 37. Ra8 Rf3 38. Nb4 Rc3 39. Kf1 g5 40. Ke2 h5 41. Kd2 Rb3 42. Nd3 Rb1 43. Rxa3 Rh1 44. Ra5 f5 45. Ra6 Kf7 46. Ne5+ Ke7 47. Ra7+ Ke8 48. Ra6 Ke7 49. Nf3 g4 50. Nd4 Rxh2 51. Rxe6+ Kd7 52. Ke3 h4 53. Ra6 f4+ 54. gxf4 Rh1 55. Rh6 Re1+ 56. Kd2 Re4 57. Ne2 h3 58. Rh4 Ra4 59. Rxg4 Ra2+ 60. Kd3 Ra3+ 61. Nc3 

1-0

[Event "Sportaccord WMG Blindfold"]
[Site "?"]
[Date "2011.12.15"]
[Round "?"]
[White "Wang, Yue"]
[Black "Vallejo Pons, Francisco"]
[WhiteElo "2697"]
[BlackElo "2705"]
[Result "1-0"]

1. d4 Nf6 2. c4 e6 3. g3 c5 4. d5 exd5 5. cxd5 d6 6. Nc3 g6 7. Bg2 Bg7 8. Nf3 O-O 9. O-O a6 10. a4 Re8 11. Bf4 Nh5 12. Bg5 Qc7 13. Qd2 Nd7 14. Rfc1 b6 15. Rab1 Ndf6 16. h3 Ne4 17. Nxe4 Rxe4 18. b4 a5 19. bxc5 bxc5 20. g4 Nf6 21. Nd4 Rxd4 22. Qxd4 Nxg4 23. Qc4 h6 24. Bd2 Ne5 25. Qb5 Ba6 26. Qxa5 Qc8 27. Qb6 Nc4 28. Rxc4 Bxc4 29. Qxd6 Bxe2 30. Qc6 Qf8 31. d6 Rd8 32. Bf4 g5 33. Bh2 c4 34. Re1 Bd3 35. d7 Qb4 36. Re8+ Bf8 37. Bd6 Qb1+ 38. Kh2 

1-0

[Event "Sportaccord WMG Blindfold"]
[Site "?"]
[Date "2011.12.15"]
[Round "?"]
[White "Karjakin, Sergey"]
[Black "Wang, Yue"]
[WhiteElo "2763"]
[BlackElo "2697"]
[Result "1/2-1/2"]

1. e4 e5 2. Nf3 Nf6 3. d4 Nxe4 4. dxe5 d5 5. Nbd2 Be7 6. Nxe4 dxe4 7. Qxd8+ Bxd8 8. Nd4 c6 9. Bf4 Ba5+ 10. c3 Bc7 11. Bc4 O-O 12. Bg3 Bb6 13. Rd1 Bxd4 14. Rxd4 Bf5 15. Ke2 a5 16. Ke3 Na6 17. Kf4 Bg6 18. h4 h5 19. e6 b5 20. Be2 Nc7 21. Ke3 Nxe6 22. Rd6 Rfc8 23. Be5 Nc5 24. g4 Nd3 25. f4 f6 26. Bxf6 gxf6 27. gxh5 Bh7 28. Rg1+ Kh8 29. Rxf6 Nxb2 30. h6 Rc7 31. Rg7 Rxg7 32. hxg7+ Kxg7 33. Rxc6 b4 34. Rc7+ Kh6 35. Rc6+ Kg7 36. h5 Nd3 37. Bg4 Rf8 38. cxb4 Nxb4 39. h6+ Kh8 40. Rc5 Nd3 41. Rc8 Rxc8 42. Bxc8 Nb4 43. f5 Nxa2 44. Kxe4 a4 45. Kd3 Nb4+ 46. Kc3 Nd5+ 47. Kb2 Bxf5 48. Bxf5 Nf6 49. h7 Nxh7 50. Bxh7 Kxh7 51. Ka3 Kh6 52. Kxa4 

1/2-1/2

[Event "Sportaccord WMG Blindfold"]
[Site "?"]
[Date "2011.12.16"]
[Round "?"]
[White "Ivanchuk, Vassily"]
[Black "Wang, Yue"]
[WhiteElo "2775"]
[BlackElo "2697"]
[Result "1/2-1/2"]

1. e4 e5 2. Nf3 Nf6 3. Nxe5 d6 4. Nf3 Nxe4 5. Qe2 Qe7 6. d3 Nf6 7. Nc3 Qxe2+ 8. Bxe2 Be7 9. Nd4 O-O 10. Bf4 c6 11. O-O d5 12. Rfe1 Na6 13. Bf3 Bd8 14. a3 Bb6 15. Nb3 Re8 16. Na4 Bc7 17. Bg5 Bf5 18. Bxf6 gxf6 19. g3 Bd6 20. Na5 Rxe1+ 21. Rxe1 Rb8 22. Nc3 Bd7 23. Nb3 Nc5 24. Nxc5 Bxc5 25. Kg2 Kf8 26. h3 b5 27. Ne2 Bd6 28. Bg4 f5 29. Bf3 a5 30. Ra1 Ke7 31. c3 Kf6 32. d4 Rg8 33. Kh2 Rb8 34. Kg2 Rg8 35. Kh2 Rb8 36. Rc1 Ra8 37. Ra1 

1/2-1/2

[Event "Sportaccord WMG Blitz"]
[Site "?"]
[Date "2011.12.12"]
[Round "?"]
[White "Nielsen, Peter Heine"]
[Black "Wang, Yue"]
[WhiteElo "2693"]
[BlackElo "2697"]
[Result "1/2-1/2"]

1. d4 d5 2. c4 c6 3. Nf3 Nf6 4. Nc3 dxc4 5. a4 Bf5 6. e3 e6 7. Bxc4 Bb4 8. O-O Nbd7 9. Qe2 Bg6 10. e4 O-O 11. Bd3 Bh5 12. e5 Nd5 13. Nxd5 cxd5 14. Qe3 Bg6 15. Ng5 Re8 16. Bd2 Bxd2 17. Qxd2 h6 18. Nh3 Qe7 19. Ra3 Rac8 

1/2-1/2

[Event "Sportaccord WMG Blitz"]
[Site "?"]
[Date "2011.12.13"]
[Round "?"]
[White "Karjakin, Sergey"]
[Black "Wang, Yue"]
[WhiteElo "2763"]
[BlackElo "2697"]
[Result "1-0"]

1. e4 e5 2. Bc4 Nf6 3. d3 Nc6 4. Nf3 Bc5 5. c3 O-O 6. Bb3 d6 7. h3 Ne7 8. O-O Ng6 9. Re1 Bb6 10. Nbd2 h6 11. d4 Re8 12. Bc2 c6 13. Nf1 Bd7 14. Ng3 Qc7 15. Be3 Rad8 16. Qc1 Kh7 17. a4 a5 18. b3 Qc8 19. Qa3 Bc7 20. Rad1 Kg8 21. Qc1 Bxh3 22. gxh3 Qxh3 23. Bd3 d5 24. Bf1 Qg4 25. Nh2 Qh4 26. exd5 exd4 27. Rxd4 Ne4 28. Bg2 Bxg3 29. fxg3 Qxg3 30. Nf1 Qg4 31. Bg5 cxd5 32. Bxd8 Nf4 33. Rd2 Qg3 34. Nxg3 

1-0

[Event "Sportaccord WMG Blitz"]
[Site "?"]
[Date "2011.12.13"]
[Round "?"]
[White "Wang, Yue"]
[Black "Vallejo Pons, Francisco"]
[WhiteElo "2697"]
[BlackElo "2705"]
[Result "1-0"]

1. d4 Nf6 2. c4 e6 3. g3 c5 4. d5 exd5 5. cxd5 d6 6. Nc3 g6 7. Bg2 Bg7 8. Nf3 O-O 9. O-O a6 10. a4 Re8 11. Re1 h6 12. h3 b6 13. e4 Nbd7 14. Bf4 Nf8 15. g4 g5 16. Bg3 Ng6 17. e5 dxe5 18. Nxe5 Nxe5 19. Rxe5 Rxe5 20. Bxe5 Bb7 21. d6 Bxg2 22. Kxg2 Nh5 23. Bh2 Nf4+ 24. Bxf4 gxf4 25. Qf3 Ra7 26. Qxf4 Rd7 27. Rd1 Qf6 28. Qxf6 Bxf6 29. Ne4 Bxb2 30. Rb1 Bd4 31. Rxb6 c4 32. Rxa6 Kg7 33. Rc6 c3 34. Nxc3 Bxc3 35. Rxc3 Rxd6 36. Ra3 Ra6 37. a5 Kg6 38. f4 f5 39. Kf3 Kf6 40. Ke3 Ke6 41. Kd4 fxg4 42. hxg4 Kd6 43. Rh3 Ke7 44. Ra3 Kd7 45. Kc5 Kc7 46. f5 Kb7 47. Kd5 Kc7 48. Ke5 Kd7 49. f6 Ke8 50. Kd5 Kf7 51. Kc5 Kxf6 52. Kb5 Ra8 53. a6 Kg5 54. Ra4 Rf8 55. a7 Ra8 56. Kb6 Rf8 57. Kc6 Ra8 58. Kb7 

1-0

[Event "Sportaccord WMG Blitz"]
[Site "?"]
[Date "2011.12.13"]
[Round "?"]
[White "Giri, Anish"]
[Black "Wang, Yue"]
[WhiteElo "2714"]
[BlackElo "2697"]
[Result "1-0"]

1. d4 Nf6 2. c4 e6 3. Nf3 d5 4. Nc3 c5 5. cxd5 cxd4 6. Qxd4 exd5 7. Bg5 Be7 8. e3 O-O 9. Rd1 Nc6 10. Qa4 Be6 11. Bb5 Qb6 12. O-O a6 13. Bxc6 bxc6 14. Qc2 Rfd8 15. Na4 Qa5 16. Nd4 Bd7 17. Bxf6 Bxf6 18. Nc5 Qb6 19. a3 Be8 20. Na4 Qb7 21. Rc1 Rdc8 22. Rfd1 g6 23. h3 a5 24. b3 Be7 25. Nc5 Qb6 26. Rd3 Ra7 27. Rc3 Rac7 28. Rb1 Qa7 29. Re1 Bf8 30. Rc1 Qb6 31. Na4 Qa6 32. Nc5 Qb6 33. Qd2 Qa7 34. R3c2 Qb6 35. Qd3 Ra8 36. Qd1 Rac8 37. Qg4 Rb8 38. Qf4 Rd8 39. Rc3 Bd6 40. Qf6 Be7 41. Qf3 Rcc8 42. g3 Qa7 43. Kg2 Qb6 44. Qf4 Qb8 45. Qf3 Qb6 46. Qd1 Qa7 47. Qd2 Rb8 48. Qc2 Rbc8 49. Re1 Bf6 50. Rd1 Qb6 51. Qd2 Rb8 52. Rdc1 Be7 53. Na4 Qb7 54. Qb2 Rbc8 55. Nc5 Rb8 

1-0

[Event "Sportaccord WMG Blitz"]
[Site "?"]
[Date "2011.12.13"]
[Round "?"]
[White "Wang, Yue"]
[Black "Grischuk, Alexander"]
[WhiteElo "2697"]
[BlackElo "2752"]
[Result "1-0"]

1. d4 Nf6 2. c4 g6 3. Nc3 Bg7 4. e4 d6 5. f3 a6 6. Be3 Nc6 7. Qd2 Rb8 8. Nge2 Bd7 9. Nc1 O-O 10. Nb3 e5 11. d5 Ne7 12. g4 b5 13. c5 b4 14. Nd1 Bb5 15. Nf2 Bxf1 16. Rxf1 Rb5 17. c6 Nfxd5 18. exd5 Rxd5 19. Qc2 Qa8 20. Rc1 a5 21. Nd2 f5 22. Bg5 Nc8 23. gxf5 Rxf5 24. Nfe4 Kh8 25. Qb3 Nb6 26. Be3 Rb5 27. Bxb6 Rxb6 28. Qd5 Qb8 29. Nxd6 cxd6 30. Nc4 e4 31. Qxd6 exf3 

1-0